Разработка информационного обеспечения для системы поддержки принятия стратегических решений к переходу на облачные технологии; Инновационные технологии в машиностроении

Chi tiết về thư mục
Parent link:Инновационные технологии в машиностроении.— 2020.— [С. 95-98]
Tác giả chính: Разумников С. В. Сергей Викторович
Tác giả của công ty: Национальный исследовательский Томский политехнический университет Юргинский технологический институт
Tóm tắt:Заглавие с экрана
В этой статье приводится информационное обеспечение для системы поддержки принятия стратегических решений к переходу на облачные технологии. Рассматриваются функции системы, входная, выходная информация, представлены какие будут объекты информационной системы. Также показаны функциональная и инфологическая модели для СППР.
This article provides information support for the strategic decision support system for the transition to cloud technology. The functions of the system, input, output information are considered, what objects of the information system will be presented. Functional and infological models for DSS are also shown.
Ngôn ngữ:Tiếng Nga
Được phát hành: 2020
Loạt:Информационные технологии и автоматизация производственных процессов
Những chủ đề:
Truy cập trực tuyến:http://earchive.tpu.ru/handle/11683/59316
Định dạng: Điện tử Chương của sách
KOHA link:https://koha.lib.tpu.ru/cgi-bin/koha/opac-detail.pl?biblionumber=631098

MARC

LEADER 00000naa2a2200000 4500
001 631098
005 20231218155821.0
035 |a (RuTPU)RU\TPU\conf\32779 
035 |a RU\TPU\conf\32778 
090 |a 631098 
100 |a 20200522d2020 k y0rusy50 ca 
101 0 |a rus 
102 |a RU 
105 |a y z 101zy 
135 |a drcn ---uucaa 
181 0 |a i  
182 0 |a b 
200 1 |a Разработка информационного обеспечения для системы поддержки принятия стратегических решений к переходу на облачные технологии  |f С. В. Разумников 
203 |a Текст  |c электронный 
225 1 |a Информационные технологии и автоматизация производственных процессов 
300 |a Заглавие с экрана 
320 |a [Библиогр.: с. 98 (5 назв.)] 
330 |a В этой статье приводится информационное обеспечение для системы поддержки принятия стратегических решений к переходу на облачные технологии. Рассматриваются функции системы, входная, выходная информация, представлены какие будут объекты информационной системы. Также показаны функциональная и инфологическая модели для СППР. 
330 |a This article provides information support for the strategic decision support system for the transition to cloud technology. The functions of the system, input, output information are considered, what objects of the information system will be presented. Functional and infological models for DSS are also shown. 
463 0 |0 (RuTPU)RU\TPU\conf\32768  |t Инновационные технологии в машиностроении  |o сборник трудов XI Международной научно-практической конференции, 21–23 мая 2020 г., Юрга  |f Национальный исследовательский Томский политехнический университет (ТПУ), Юргинский технологический институт (ЮТИ) ; под ред. С. А. Солодского  |v [С. 95-98]  |d 2020 
610 1 |a электронный ресурс 
610 1 |a труды учёных ТПУ 
610 1 |a информационное обеспечение 
610 1 |a поддержка решений 
610 1 |a принятие решений 
610 1 |a стратегические решения 
610 1 |a облачные технологии 
610 1 |a информационные системы 
610 1 |a модели 
610 1 |a объекты 
610 1 |a стратегия 
610 1 |a переходы 
610 1 |a cloud technologies 
610 1 |a information support 
610 1 |a model 
610 1 |a objects 
610 1 |a strategy 
610 1 |a transition 
700 1 |a Разумников  |b С. В.  |c специалист в области информатики и вычислительной техники  |c доцент Юргинского технологического института (филиала) Томского политехнического университета, кандидат технических наук  |f 1988-  |g Сергей Викторович  |3 (RuTPU)RU\TPU\pers\31649  |9 15786 
712 0 2 |a Национальный исследовательский Томский политехнический университет  |b Юргинский технологический институт  |c (2009- )  |3 (RuTPU)RU\TPU\col\15903 
801 2 |a RU  |b 63413507  |c 20200527  |g RCR 
856 4 |u http://earchive.tpu.ru/handle/11683/59316 
942 |c BK